| 000 | 00372nam a2200133Ia 4500 | ||
|---|---|---|---|
| 008 | 231129s9999||||xx |||||||||||||| ||spa|| | ||
| 020 | _a958-9042-18-X | ||
| 040 | _bspa | ||
| 082 | _aR 340.03861 M178d | ||
| 100 | _aMadrid-Malo G. Mario | ||
| 245 | 0 | _aDiccionario de derecho politico colombiano | |
| 264 | _aLegis. | ||
| 942 |
_2ddc _cBKS |
||
| 999 |
_c9323 _d9323 |
||